Программированное обучение по общему курсу автоматизированного электропривода: учебное пособие

Bibliographische Detailangaben
Körperschaft: Чувашский государственный университет
Sprache:Russisch
Veröffentlicht: Чебоксары, Чувашский государственный ун-т, 1979
Schlagworte:
Format: MixedMaterials Buch
KOHA link:https://koha.lib.tpu.ru/cgi-bin/koha/opac-detail.pl?biblionumber=354999

MARC

LEADER 00000nam0a2200000 4500
001 354999
005 20231102010741.0
035 |a (RuTPU)RU\TPU\retro\12258 
090 |a 354999 
100 |a 20200630d1979 m y0rusy50 ca 
101 0 |a rus 
102 |a RU 
105 |a a j 001zy 
200 1 |a Программированное обучение по общему курсу автоматизированного электропривода  |e учебное пособие  |f Чувашский государственный университет 
210 |a Чебоксары  |c Чувашский государственный ун-т  |d 1979 
215 |a 83 с.  |c ил. 
320 |a Библиогр.: с. 80 
606 1 |a Электроприводы  |x Программное управление  |2 stltpush  |3 (RuTPU)RU\TPU\subj\20694  |9 45780 
610 1 |a механика 
610 1 |a характеристики 
610 1 |a автоматическое управление 
610 1 |a следящие системы 
610 1 |a учебные пособия 
675 |a 62-82-523(075.8)  |v 4 
712 0 2 |a Чувашский государственный университет  |c (Чебоксары)  |2 stltpush  |3 (RuTPU)RU\TPU\col\299  |9 23331 
801 1 |a RU  |b 63413507  |c 20200630 
801 2 |a RU  |b 63413507  |c 20201225  |g RCR 
942 |c BK